Sahitya ke ayine mein : (Record no. 71770)

000 -LEADER
fixed length control field 00521nam a22001697a 4500
020 ## - INTERNATIONAL STANDARD BOOK NUMBER
International Standard Book Number 9789382485568
082 ## - DEWEY DECIMAL CLASSIFICATION NUMBER
Classification number H 891.430 7
Item number FIR/S
245 ## - TITLE STATEMENT
Title Sahitya ke ayine mein :
Remainder of title adivasi vimarsh/
Statement of responsibility, etc. by Firoz Khan (ed.) and Shajuphtha Niyas (ed.)
260 ## - PUBLICATION, DISTRIBUTION, ETC.
Place of publication, distribution, etc. Alighad:
Name of publisher, distributor, etc. Vagmay Books,
Date of publication, distribution, etc. 2015.
300 ## - PHYSICAL DESCRIPTION
Extent 190p.
650 ## - SUBJECT ADDED ENTRY--TOPICAL TERM
Topical term or geographic name entry element Literature Hindi Study
9 (RLIN) 47203
650 ## - SUBJECT ADDED ENTRY--TOPICAL TERM
Topical term or geographic name entry element Literature Hindi
9 (RLIN) 47204
650 ## - SUBJECT ADDED ENTRY--TOPICAL TERM
Topical term or geographic name entry element Literature
9 (RLIN) 47205
700 ## - ADDED ENTRY--PERSONAL NAME
Personal name Firoz Khan (ed.)
9 (RLIN) 47206
700 ## - ADDED ENTRY--PERSONAL NAME
Personal name Shajuphtha Niyas (ed.)
9 (RLIN) 47207
942 ## - ADDED ENTRY ELEMENTS (KOHA)
Koha item type Book
Holdings
Withdrawn status Lost status Damaged status Not for loan Permanent Location Current Location Shelving location Date acquired Cost, normal purchase price Total Checkouts Full call number Barcode Date last seen Date last checked out Price effective from Koha item type
        Sree Sankaracharya University of Sanskrit Sree Sankaracharya University of Sanskrit Stacks 29.05.2018 600.00 3 H 891.430 7 FIR/S 089371 29.11.2024 31.05.2024 29.05.2018 Book